BIBLIOTECA

SENCICO

1000 detalles de interiorismo (Registro nro. 2255)

Detalles MARC
000 -LEADER
fixed length control field 00708nam a2200241Ia 4500
005 - DATE AND TIME OF LATEST TRANSACTION
control field 20251020182536.0
008 - FIXED-LENGTH DATA ELEMENTS--GENERAL INFORMATION
fixed length control field 200515s9999 xx 000 0 und d
020 ## - INTERNATIONAL STANDARD BOOK NUMBER
International Standard Book Number 978-9962-04-441-3
082 ## - DEWEY DECIMAL CLASSIFICATION NUMBER
Classification number 720.2/M26
100 ## - MAIN ENTRY--PERSONAL NAME
Personal name Martinez Alonso, Claudia
245 #0 - TITLE STATEMENT
Title 1000 detalles de interiorismo
260 ## - PUBLICATION, DISTRIBUTION, ETC.
Place of publication, distribution, etc. Barcelona
260 ## - PUBLICATION, DISTRIBUTION, ETC.
Name of publisher, distributor, etc. Lexus
260 ## - PUBLICATION, DISTRIBUTION, ETC.
Date of publication, distribution, etc. 2016
300 ## - PHYSICAL DESCRIPTION
Extent 399 p.
300 ## - PHYSICAL DESCRIPTION
Other physical details il., col., tbl., fot., col.
500 ## - GENERAL NOTE
General note 1 ejemplar
520 ## - SUMMARY, ETC.
Summary, etc. Presenta 1000 ideas para organizar y planificar la casa, para sentirse a gusto en ella y para satisfacer las necesidades del día a día.
650 ## - SUBJECT ADDED ENTRY--TOPICAL TERM
Topical term or geographic name entry element DISEÑO DE INTERIORES
650 ## - SUBJECT ADDED ENTRY--TOPICAL TERM
Topical term or geographic name entry element INTERIORISMO
942 ## - ADDED ENTRY ELEMENTS (KOHA)
Koha item type Libros
Existencias
Fecha de la última vez que lo usaron Pago total Signatura topográfica completa Código de barras Precio efectivo desde Tipo de documento Estado perdido Estado dañado No es para préstamo Retirado Ubicación permanente Ubicación actual Fecha de adquisición
15/05/2020   720.2/M26 Bib-Lima15052255 15/05/2020 Libros         Biblioteca Central Lima Biblioteca Central Lima 15/05/2020